| 000 | 00360nam a2200133Ia 4500 | ||
|---|---|---|---|
| 005 | 20251222141957.0 | ||
| 008 | 251222s9999||||xx |||||||||||||| ||spa|| | ||
| 020 | _a978-958-682-713-3 | ||
| 082 | _a005.8/A39 | ||
| 100 | _aAlexander, Alberto G. | ||
| 245 | 0 | _aDiseño de un Sistema de Gestión de Seguridad de Información: | |
| 264 | _bAlfaomega | ||
| 942 | _cLIB | ||
| 999 |
_c9871 _d9871 |
||